00409nam a2200133 i 4500001000300000100002800003245005300031260002000084040000800104041000800112080001600120008004100136856009800177bg1 aBIEŃKOWSKI, Zdzisław 0aPoradnik ultrakrótkofalowca /cZ.Bieńkowski. aWarszwa,c1988. cBPK apol a621.396.721 s pl f |000 0 pol  uhttp://koha.tu.koszalin.pl/cgi-bin/koha/opac-detail.pl?biblionumber=28635yKatalog online BPK